000 00313nam a22001337a 4500
008 170927b xxu||||| |||| 00| 0 eng d
020 _a0201104334
041 _aeng
080 _a37
100 _a47
101 _aEDU
245 _aTHE ASSOCIATED PRESS STYLEBOOK AND LIBEL MANUAL
_cFRENCH,C.W
942 _2udc
_cBK
999 _c30224
_d30224